BBL Teams - Statistics

General Stats
  • This quiz has been taken 325 times
  • The average score is 8 of 8
Answer Stats
Location Answer % Correct
Queensland Brisbane Heat
97%
Victoria Melbourne Stars
97%
New South Wales Sydney Thunder
96%
Tasmania Hobart Hurricanes
95%
New South Wales Sydney Sixers
95%
Victoria Melbourne Renegades
94%
South Australia Adelaide Strikers
93%
Western Australia Perth Scorchers
93%
No matching quizzes found
Score Distribution
Percent of People with Each Score
Percentile by Number Answered
Your Score History
You have not taken this quiz